000 00199nam a2200085 4500
001 1255235
005 20251208132927.0
245 _aMEVLANA'DAN MASALLAR
_cEMİNE EROĞLU
260 _bTİMAŞ YAYINLARI
999 _c1255235
_d1255235